00000000nam##2200000za#4500
0019.691524
003CaOODSP
00520250319163013
007cr |||||||||||
008150407|2006||||xxc|||||o    f|0| 0 eng|d
020 |a978-1-100-11040-0
040 |aCaOODSP|beng
043 |an-cn---
0861 |aCS89-634/2-2006E-PDF
24500|aMétis children under six years old |h[electronic resource]
2461 |iAdditional title (within publication) : |aAboriginal Children's Survey, 2006. Métis children
260 |aOttawa - Ontario : |bStatistics Canada |cNovember 2008.
300 |a5p.|bgraphs
590 |a11-01-Supp|b2011-01-11
69007|aMétis|2gcpds
7102 |aStatistics Canada.
77508|tEnfants métis âgés de moins de six ans |w(CaOODSP)9.635852
85640|ahttp://publications.gc.ca|qPDF|s1181 KB|uhttps://publications.gc.ca/collections/collection_2010/statcan/89-634-X/89-634-x2008002-eng.pdf